000
00338nam a2200133Ia 4500
008
220216s9999 xx 000 0 und d
100
_a
Das S R A
245
0
_a
Rubber tyres on rubber roads
260
_b
Rubber Research Institute of Ceylon Bulletin
_c
1970
300
_a
20-21
650
_a
Rubber roads
650
_a
Tyres
942
_c
JS
999
_c
68103
_d
68103